000
00278ngm a2200085 454500
008
180718b xxu||||| |||| 00| 0 eng d
100
_a
India. Ministry of External Affairs
245
_a
Many nations one voice: a short film on bonding of SAARC nations
260
_a
New Delhi
_b
The author
_c
999
_c
447327
_d
447327